000 004610000a22001810004500
003 LK-CoMWRAF
008 230817t ||||| |||| 00| 0 eng d
020 _a1564774457
040 _aLK-CoMWRAF
_dLK-CoMWRAF
_eLK-CoMWRAF
041 _aeng
082 _a800
_bCOV
100 _aCovey, Mary M.
245 _aCelebrations !
_bQuilts for Cherished Family Moments
260 _bMartingale
_a
_c2002
300 _ap.80
650 _aTraining Materials
942 _cBK
999 _c1299
_d1299